Краткая история философской мысли (Запис № 308628)

МАРК-запис
000 -Лідер
fixed length control field 00745nam a22002777a 4500
001 - Контрольний номер
control field 22409
003 - Ідентифікатор контрольного номера
control field UA-OsUOA
005 - Дата та час останнього входження (трансакції)
control field 20200302100215.0
007 - Фіксоване поле фізичного опису
fixed length control field ta
008 - Елементи даних фіксованої довжини – загальна інформація
fixed length control field 20031219b un ||||| |||| 00| 0 ukr d
020 ## - Міжнародний стандартний книжковий номер (ISBN)
Міжнародний стандартний книжковий номер (ISBN) (НП) 5811403720
040 ## - Джерело каталогізації
Агенція оригінальної каталогізації UA-OsUOA
Мова каталогізації rus
Агенція, яка здійснювала перезапис UA-OsUOA
Агенція, яка здійснювала модифікацію UA-OsUOA
041 ## - Код мови
Код мови тексту/ звукової доріжки чи окремого заголовка (П) rus
044 ## - Код країни видавця/ виробника
Код країни видавця/ виробника (П) RU
080 ## - Індекс Універсальної десяткової класифікації
Індекс Універсальної десяткової класифікації (УДК) (НП) 141
090 ## - Локальний шифр розміщення
Класифікаційний індекс УДК 141
Авторський знак (НП) Р69
100 ## - Основне введення – ім’я особи
Ім’я особи (НП) Романов Ю. И.
245 ## - Відомості про назву
Назва (НП) Краткая история философской мысли
260 ## - Публікація, розповсюдження і т.п. (Вихідні дані)
Місце публікації, розповсюдження і т.п. (П) СПб.
Ім’я/ наймення видавництва, розповсюджувача і т.п. (П) Лань
Дата публікації, розповсюдження і т.п. (П) 2001
300 ## - Фізичний опис
Обсяг 224 с.
650 #7 - Додаткове предметне введення – тематичний термін
Джерело заголовка чи терміна UDC
Тематичний термін чи географічна назва, як елемент введення (НП) 1 Філософські науки
700 ## - Додаткове введення – ім'я особи
Ім’я особи (НП) Сандулов Ю.А.
942 ## - Додаткові елементи входу (Коха)
Тип елемента Koha Книги
Source of classification or shelving scheme Universal Decimal Classification
955 ## - Код типу видання за змістом
Код типу видання за змістом (НП) інше
Фонди
Стан вилучень Стан втрат Джерело класифікації або схеми стелажів Стан уражень Не для кредиту Постійне місце розташування Поточне розміщення Дата придбання Інвентарний номер Усього замовленно Повний номер виклику Штрих-код Дата останнього перегляду Ціна ефективна від Тип елемента Koha Джерело придбання
    Universal Decimal Classification     ЧЗ - Читальна зала ЧЗ - Читальна зала 19/12/2003 62597   141 Р69 62597 25/11/2021 19/12/2003 Книги  
    Universal Decimal Classification     ЧЗ - Читальна зала ЧЗ - Читальна зала 10/11/2005 87625   141 Р 69 87625 09/02/2022 10/11/2005 Книги 118/2005